Tablice Rejestracyjne Województwa Mazowieckiego - Statystyki

Ogólne statystyki
  • Ten quiz został rozwiązany 164 razy
  • Średni wynik to 36 z 40
Statystyki odpowiedzi
Powiat Tablica Rejestracyjna % Poprawnych
garwoliński WG
99%
gostyniński WGS
97%
Ostrołęka WO
97%
otwocki WOT
97%
Płock WP
97%
piaseczyński WPI
97%
Radom WR
97%
ciechanowski WCI
96%
ostrołęcki WOS
96%
pruszkowski WPR | WPP | WPS
96%
Siedlce WS
96%
Warszawa WA | WB | WD | WE | WF | WH | WI | WJ | WK | WN | WT | WU | WW | WX | WY
95%
legionowski WL
95%
miński WM
95%
płocki WPL
95%
radomski WRA
95%
siedlecki WSI
95%
lipski WLI
93%
mławski WML
93%
nowodworski WND
93%
grójecki WGR
91%
płoński WPN
91%
sochaczewski WSC
91%
sokołowski WSK
91%
szydłowiecki WSZ
91%
makowski WMA
90%
kozienicki WKZ
89%
ostrowski WOR
88%
przasnyski WPZ
88%
warszawski zachodni WZ
88%
łosicki WLS
85%
żuromiński WZU
83%
żyrardowski WZY
82%
węgrowski WWE
81%
wołomiński WWL | WV
81%
zwoleński WZW
81%
wyszkowski WWY
79%
białobrzeski WBR
76%
przysuski WPY
74%
grodziski WGM
62%
Nie znaleziono quizów pasujących do podanych kryteriów
Rozkład punktacji
Procent ludzi z każdym wynikiem
Percentyl według liczby udzielonych odpowiedzi
Twoja historia wyników
Nie rozwiązałeś tego quizu